| 000 | 00571nam a22001457a 4500 | ||
|---|---|---|---|
| 020 | _a978-81-291-1213-2 | ||
| 082 |
_a823 _bBON/A |
||
| 100 | _aBOND, RUSKIN | ||
| 245 | _aALL ROADS LEAD TO GANGA | ||
| 260 |
_aDELHI _bRUPA PUBLICATIONS _c2017 |
||
| 300 | _a121 | ||
| 520 | _aBond describes the picturesque village in Garhwal and shares his experiences trekking to the holy shrines of Kedarnath, Tungnath, and Badrinath. The memoir also delves into the presence of birds in the mountains, their melodious sounds enchanting travelers | ||
| 650 |
_aNOVEL _zINDIA |
||
| 942 | _cBK | ||
| 999 |
_c2807 _d2807 |
||